[Event "Valasska Bystrice op"]
[Site "Valasska Bystrice"]
[Date "2016.09.16"]
[Round "8"]
[White "Ruzicka, Vaclav"]
[Black "Capil, Dalibor"]
[Result "0-1"]
[WhiteElo "1673"]
[BlackElo "1577"]
[PlyCount "122"]
[EventDate "2016.09.10"]
[EventType "swiss"]
[EventRounds "9"]
[EventCountry "CZE"]
[SourceTitle "CBM 174 Extra"]
[Source "ChessBase"]
[SourceDate "2016.10.10"]
[SourceVersion "1"]
[SourceVersionDate "2016.10.10"]
[SourceQuality "1"]

1. d4 e6 2. Nf3 Nf6 3. g3 b6 4. Bg2 Bb7 5. 0-0 Be7 6. c4 d6 7. Nc3 h6 8. Qc2 Nbd7 9. e4 0-0 10. Rd1 c5 11. d5 Nh7 12. Bh3 e5 13. Be3 Ndf6 14. Bf5 Kh8 15. Qd2 Ng8 16. Ne2 Nhf6 17. Nc3 Bc8 18. Nh4 Ng4 19. Nf3 Nxe3 20. Qxe3 g6 21. Bxc8 Qxc8 22. Kg2 Kg7 23. h4 Nf6 24. Nh2 Nh5 25. Ne2 f5 26. exf5 gxf5 27. f4 e4 28. Rab1 Kh7 29. Kf2 Nf6 30. Rg1 Rg8 31. Ke1 Rg7 32. a4 Qd7 33. b3 Rag8 34. Kd2 Qe8 35. Rg2 Ng4 36. Nxg4 Rxg4 37. Rgg1 Bf6 38. Rbe1 a6 39. Kc2 b5 40. axb5 axb5 41. Ra1 Bxa1 42. Rxa1 b4 43. Ra7+ R4g7 44. Rxg7+ Rxg7 45. Nc1 Qg8 46. Ne2 Ra7 47. Nc1 Qg4 48. Kd2 Ra1 49. Kc2 Qh3 50. Qf2 Qh1 51. Qd2 Qf3 52. Kb2 Ra7 53. Ne2 Re7 54. Kc2 Kg6 55. Kb2 Ra7 56. Qc2 Qf1 57. Nc1 Qg1 58. Na2 Qxg3 59. Nxb4 cxb4 60. c5 dxc5 61. d6 Qc3+ 0-1

[Event "Valasska Bystrice op"]
[Site "Valasska Bystrice"]
[Date "2016.09.11"]
[Round "2"]
[White "Ruzicka, Vaclav"]
[Black "Valenta, Josef"]
[Result "0-1"]
[WhiteElo "1673"]
[BlackElo "1570"]
[PlyCount "92"]
[EventDate "2016.09.10"]
[EventType "swiss"]
[EventRounds "9"]
[EventCountry "CZE"]
[SourceTitle "CBM 174 Extra"]
[Source "ChessBase"]
[SourceDate "2016.10.10"]
[SourceVersion "1"]
[SourceVersionDate "2016.10.10"]
[SourceQuality "1"]

1. d4 Nf6 2. c4 g6 3. f3 Bg7 4. e4 d6 5. Nc3 0-0 6. Be3 Nbd7 7. Qd2 c5 8. d5 Ne5 9. h3 Nh5 10. Qf2 e6 11. g4 exd5 12. gxh5 d4 13. Bxd4 cxd4 14. Nb5 Nc6 15. 0-0-0 a6 16. Nxd4 Nxd4 17. Rxd4 Bxd4 18. Qxd4 Qg5+ 19. Kb1 Qxh5 20. Qxd6 Be6 21. Be2 Qh4 22. Qd1 Rfd8 23. Qc1 Rd4 24. f4 Rxe4 25. Nf3 Qxf4 26. Qxf4 Rxf4 27. b3 Rd8 28. Kc2 Kf8 29. h4 Bf5+ 30. Kc1 h6 31. a3 Be4 32. Rh3 Bxf3 33. Rxf3 Rxh4 34. Rd3 Rxd3 35. Bxd3 Ke7 36. b4 Rh2 37. a4 Kd7 38. Be4 Kc7 39. Bd5 f5 40. b5 Ra2 41. bxa6 bxa6 42. Bf7 g5 43. Bg6 Rxa4 44. Bxf5 Rxc4+ 45. Kd2 Kb6 46. Ke3 Rf4 0-1

[Event "Prague Summer op-B 3rd"]
[Site "Prague"]
[Date "2016.08.10"]
[Round "7"]
[White "Arellano Pardo, Martin"]
[Black "Ruzicka, Vaclav"]
[Result "1-0"]
[WhiteElo "1927"]
[BlackElo "1671"]
[PlyCount "69"]
[EventDate "2016.08.05"]
[EventType "swiss"]
[EventRounds "9"]
[EventCountry "CZE"]
[SourceTitle "CBM 173 Extra"]
[Source "ChessBase"]
[SourceDate "2016.08.29"]
[SourceVersion "1"]
[SourceVersionDate "2016.08.29"]
[SourceQuality "1"]

1. e4 c6 2. d4 d5 3. e5 c5 4. c3 e6 5. Nf3 Nc6 6. Be2 Nge7 7. Be3 Nf5 8. Qd2 cxd4 9. cxd4 Bb4 10. Nc3 Nxe3 11. fxe3 0-0 12. 0-0 Bd7 13. Rac1 a6 14. Bd3 h6 15. Qf2 f5 16. Ne2 g5 17. h4 g4 18. Nh2 Be8 19. a3 Be7 20. Qf4 Bxh4 21. Qxh6 Bg5 22. Qxe6+ Kh8 23. Nf4 Ne7 24. Rce1 Bf7 25. Qd6 Bxf4 26. Qf6+ Kg8 27. Rxf4 Bg6 28. Qg5 Kg7 29. Nxg4 fxg4 30. Rf6 Rxf6 31. exf6+ Kf7 32. fxe7 Qd6 33. Bxg6+ Qxg6 34. Rf1+ Kg7 35. Qxg6+ 1-0

[Event "Prague op-B 15th"]
[Site "Prague"]
[Date "2016.01.08"]
[Round "1"]
[White "Schuran, Sebastian"]
[Black "Ruzicka, Vaclav"]
[Result "0-1"]
[WhiteElo "2038"]
[BlackElo "1650"]
[PlyCount "52"]
[EventDate "2016.01.08"]
[EventType "swiss"]
[EventRounds "9"]
[EventCountry "CZE"]
[SourceTitle "CBM 170 Extra"]
[Source "ChessBase"]
[SourceDate "2016.02.25"]
[SourceVersion "1"]
[SourceVersionDate "2016.02.25"]
[SourceQuality "1"]

1. e4 c6 2. d4 d5 3. exd5 cxd5 4. c4 Nf6 5. Nc3 e6 6. Nf3 Nc6 7. Bd3 Bb4 8. 0-0 Bxc3 9. bxc3 0-0 10. Bg5 h6 11. Bh4 dxc4 12. Bxc4 g5 13. Bg3 Ne4 14. Qc2 f5 15. Rfe1 Qa5 16. Qb3 Qxc3 17. Bxe6+ Kg7 18. Qd5 Bxe6 19. Qxe6 Rae8 20. Qd7+ Re7 21. Be5+ Kg6 22. Qd5 Rd8 23. Qb5 Qb4 24. Qd3 Nxe5 25. Nxe5+ Rxe5 26. Qc2 Rxd4 0-1

[Event "Valasska Bystrice op"]
[Site "Valasska Bystrice"]
[Date "2015.09.19"]
[Round "9"]
[White "Ruzicka, Vaclav"]
[Black "Valenta, Josef"]
[Result "1-0"]
[WhiteElo "1662"]
[BlackElo "1586"]
[PlyCount "49"]
[EventDate "2015.09.12"]
[EventType "swiss"]
[EventRounds "9"]
[EventCountry "CZE"]
[SourceTitle "EXT 2016"]
[Source "ChessBase"]
[SourceDate "2015.10.08"]
[SourceVersion "1"]
[SourceVersionDate "2015.10.08"]
[SourceQuality "1"]

1. c4 Nf6 2. Nc3 g6 3. e4 d6 4. g3 Bg7 5. Bg2 0-0 6. Nge2 c5 7. 0-0 a6 8. a4 Nc6 9. h3 Bd7 10. d3 Qc8 11. Kh2 Re8 12. f4 Rb8 13. Be3 e5 14. fxe5 Nxe5 15. Bg5 Re6 16. Nf4 Re8 17. Bxf6 Bxf6 18. Nxg6 fxg6 19. Rxf6 Re6 20. Nd5 Kg7 21. Qf1 Qd8 22. Rxe6 Bxe6 23. Qe2 Bxd5 24. exd5 Qe7 25. Rf1 1-0

[Event "Valasska Bystrice op"]
[Site "Valasska Bystrice"]
[Date "2015.09.15"]
[Round "5"]
[White "Ruzicka, Vaclav"]
[Black "Capil, Dalibor"]
[Result "0-1"]
[WhiteElo "1662"]
[BlackElo "1550"]
[PlyCount "136"]
[EventDate "2015.09.12"]
[EventType "swiss"]
[EventRounds "9"]
[EventCountry "CZE"]
[SourceTitle "EXT 2016"]
[Source "ChessBase"]
[SourceDate "2015.10.08"]
[SourceVersion "1"]
[SourceVersionDate "2015.10.08"]
[SourceQuality "1"]

1. Nf3 Nc6 2. d4 d5 3. c4 e6 4. g3 Nf6 5. a3 b6 6. Bg2 Bb7 7. Qc2 Be7 8. 0-0 0-0 9. Rd1 Na5 10. b3 Rc8 11. Bf4 Nh5 12. Bd2 Nc6 13. cxd5 exd5 14. Nc3 Nf6 15. Bf4 a6 16. Ne5 Nb8 17. b4 c6 18. Bh3 Nbd7 19. Bg5 Ra8 20. f4 h6 21. Nxd7 Nxd7 22. Bxe7 Qxe7 23. e4 dxe4 24. Qxe4 Rfe8 25. Re1 Qd6 26. Qd3 Nf6 27. Re5 Rad8 28. Rae1 Rf8 29. Rd1 Qc7 30. Bg2 Rd6 31. Ne4 Nxe4 32. Qxe4 Rfd8 33. Re8+ Rxe8 34. Qxe8+ Kh7 35. Qe5 Qd7 36. Bh3 Qd8 37. Bg2 Re6 38. Qf5+ Kg8 39. Qc2 Qe7 40. Kf2 a5 41. bxa5 Ba6 42. Bf1 Bxf1 43. Kxf1 Qxa3 44. Qd3 Qxa5 45. d5 cxd5 46. Qxd5 Qa6+ 47. Qd3 Qb7 48. Qd8+ Kh7 49. Qd3+ g6 50. f5 Qh1+ 51. Kf2 Qxh2+ 52. Kf1 Qh3+ 53. Kg1 Qxf5 54. Qxf5 gxf5 55. Kf2 Kg6 56. Kf3 b5 57. Rd5 b4 58. Rb5 Re4 59. Rb6+ Kg5 60. Rb8 h5 61. Rg8+ Kf6 62. Rh8 b3 63. Rxh5 b2 64. Rh1 Ke5 65. Rb1 Rb4 66. Ke3 Rb3+ 67. Kf2 Ke4 68. Re1+ Kd3 0-1

[Event "Valasska Bystrice op"]
[Site "Valasska Bystrice"]
[Date "2015.09.12"]
[Round "1"]
[White "Ruzicka, Vaclav"]
[Black "Zlebcik, Ladislav"]
[Result "0-1"]
[WhiteElo "1662"]
[BlackElo "1915"]
[PlyCount "92"]
[EventDate "2015.09.12"]
[EventType "swiss"]
[EventRounds "9"]
[EventCountry "CZE"]
[SourceTitle "EXT 2016"]
[Source "ChessBase"]
[SourceDate "2015.10.08"]
[SourceVersion "1"]
[SourceVersionDate "2015.10.08"]
[SourceQuality "1"]

1. d4 d5 2. c4 c6 3. Nf3 Nf6 4. g3 e6 5. Bg2 Nbd7 6. 0-0 Bd6 7. Qc2 0-0 8. cxd5 exd5 9. Bg5 Re8 10. Nc3 h6 11. Bf4 Bxf4 12. gxf4 Nh5 13. e3 Nf8 14. h3 Qf6 15. Ne2 Bf5 16. Qd2 Qe6 17. Kh2 Ng6 18. Rae1 Nf6 19. Ng3 Ne4 20. Qc1 Re7 21. Nxf5 Qxf5 22. Qc2 Rae8 23. Ne5 Nh4 24. Bxe4 dxe4 25. f3 exf3 26. Qxf5 Nxf5 27. Rxf3 f6 28. Nc4 Nxd4 29. Rg3 Nf5 30. Rf3 b5 31. Na5 c5 32. Nb3 c4 33. Nc1 Rxe3 34. Rfxe3 Rxe3 35. Rxe3 Nxe3 36. Ne2 b4 37. Kg3 Kf7 38. Kf2 Nd1+ 39. Ke1 Nxb2 40. Kd2 Ke6 41. Nd4+ Kd5 42. Nf5 Nd3 43. Ne3+ Kc5 44. f5 Kd4 45. Nc2+ Ke4 46. Ne3 c3+ 0-1

[Event "Prague Golden op 11th"]
[Site "Prague"]
[Date "2015.06.27"]
[Round "8"]
[White "Mach, Petr"]
[Black "Ruzicka, Vaclav"]
[Result "0-1"]
[WhiteElo "1537"]
[BlackElo "1680"]
[PlyCount "88"]
[EventDate "2015.06.21"]
[EventType "swiss"]
[EventRounds "9"]
[EventCountry "CZE"]
[SourceTitle "EXT 2017"]
[Source "ChessBase"]
[SourceDate "2016.10.25"]
[SourceVersion "1"]
[SourceVersionDate "2016.10.25"]
[SourceQuality "1"]

1. e4 c6 2. d4 d5 3. e5 Bf5 4. Nd2 e6 5. c3 Ne7 6. Ngf3 Nd7 7. Be2 Ng6 8. Nb3 Bg4 9. h3 Bxf3 10. Bxf3 Be7 11. Bd2 Bg5 12. Bxg5 Qxg5 13. Qd2 Qxd2+ 14. Kxd2 Nh4 15. Ke2 Nxf3 16. Kxf3 f6 17. exf6 0-0 18. Ke2 Rxf6 19. f3 b6 20. Kd2 e5 21. Rae1 Re8 22. Re2 Kf7 23. Rhe1 Rfe6 24. Kc2 c5 25. dxe5 Rxe5 26. Rxe5 Rxe5 27. Rxe5 Nxe5 28. Nd2 Kf6 29. f4 Ng6 30. g3 h5 31. Nf3 h4 32. gxh4 Nxf4 33. Ng5 Ng2 34. Nf3 Kg6 35. Kd2 Kh5 36. Ke2 Nxh4 37. Ng1 Kg5 38. Ke3 Nf5+ 39. Kf3 Kh4 40. Kf4 g6 41. Nf3+ Kxh3 42. Kg5 Kg3 43. Nd2 Nh4 44. Nf1+ Kf2 0-1

[Event "Prague Golden op 11th"]
[Site "Prague"]
[Date "2015.06.22"]
[Round "3"]
[White "Ruzicka, Vaclav"]
[Black "Pulpan, Jakub"]
[Result "0-1"]
[WhiteElo "1680"]
[BlackElo "2222"]
[PlyCount "118"]
[EventDate "2015.06.21"]
[EventType "swiss"]
[EventRounds "9"]
[EventCountry "CZE"]
[SourceTitle "CBM 167 Extra"]
[Source "ChessBase"]
[SourceDate "2015.09.14"]
[SourceVersion "1"]
[SourceVersionDate "2015.09.14"]
[SourceQuality "1"]

1. d4 Nf6 2. c4 e6 3. Nf3 b6 4. g3 Ba6 5. Qc2 Bb7 6. Bg2 c5 7. e3 cxd4 8. exd4 d5 9. Ne5 Bb4+ 10. Bd2 Bxd2+ 11. Nxd2 0-0 12. 0-0 Nc6 13. Nxc6 Bxc6 14. Rac1 Rc8 15. cxd5 Bxd5 16. Qxc8 Qxc8 17. Rxc8 Rxc8 18. Bxd5 Nxd5 19. Nb3 Kf8 20. Rc1 Rd8 21. a3 Ke7 22. Kf1 Kd7 23. Ke2 Ne7 24. Kd3 Nc6 25. Ke3 Kc7 26. f4 Rd5 27. Kd3 Kd7 28. g4 g5 29. fxg5 Rxg5 30. Rf1 Ke8 31. Rf4 Ne7 32. Nd2 Nd5 33. Re4 Nf6 34. Rf4 Nd5 35. Re4 h5 36. gxh5 Rxh5 37. h4 Ne7 38. Nf3 Ng6 39. b3 Ke7 40. Ne5 Nxh4 41. Nc6+ Kd7 42. Nxa7 Nf5 43. a4 Rh3+ 44. Kc2 Ne3+ 45. Kd2 Nd5 46. Kc2 f5 47. Re2 Nb4+ 48. Kb2 f4 49. Ka3 Nd3 50. Rd2 Re3 51. Rd1 f3 52. Nb5 f2 53. Rf1 Re1 54. Rxf2 Nxf2 55. Nc3 Ne4 56. Nb5 Kc6 57. Kb4 Kd5 58. a5 bxa5+ 59. Kxa5 Nd6 0-1

[Event "Plzen op 6th"]
[Site "Plzen"]
[Date "2014.11.25"]
[Round "3"]
[White "Soutner, Jaroslav"]
[Black "Ruzicka, Vaclav"]
[Result "1-0"]
[WhiteElo "1771"]
[BlackElo "1671"]
[PlyCount "51"]
[EventDate "2014.11.23"]
[EventType "swiss"]
[EventRounds "7"]
[EventCountry "CZE"]
[SourceTitle "CBM 163 Extra"]
[Source "ChessBase"]
[SourceDate "2014.12.23"]
[SourceVersion "1"]
[SourceVersionDate "2014.12.23"]
[SourceQuality "1"]

1. e4 d5 2. exd5 Qxd5 3. Nf3 Bg4 4. Be2 Nf6 5. d4 e6 6. 0-0 Bd6 7. h3 Bh5 8. c4 Qc6 9. Nc3 a6 10. Re1 0-0 11. Be3 Qe8 12. Qb3 Qc8 13. Ne5 Bxe2 14. Rxe2 b6 15. Bg5 Nh5 16. d5 f6 17. g4 Bxe5 18. gxh5 Bxc3 19. bxc3 fxg5 20. dxe6 Re8 21. c5 Re7 22. Qd5 c6 23. Qxg5 bxc5 24. Qxe7 Qf8 25. Qb7 Nd7 26. exd7 1-0

[Event "Plzen op 6th"]
[Site "Plzen"]
[Date "2014.11.23"]
[Round "1"]
[White "Malinovsky, Petr"]
[Black "Ruzicka, Vaclav"]
[Result "1-0"]
[WhiteElo "2024"]
[BlackElo "1671"]
[PlyCount "61"]
[EventDate "2014.11.23"]
[EventType "swiss"]
[EventRounds "7"]
[EventCountry "CZE"]
[SourceTitle "CBM 163 Extra"]
[Source "ChessBase"]
[SourceDate "2014.12.23"]
[SourceVersion "1"]
[SourceVersionDate "2014.12.23"]
[SourceQuality "1"]

1. d4 Nf6 2. c4 e6 3. Nc3 Bb4 4. Bg5 0-0 5. e3 h6 6. Bh4 d5 7. Bd3 c5 8. Nge2 cxd4 9. exd4 dxc4 10. Bxc4 Nbd7 11. 0-0 Bxc3 12. Nxc3 Nb6 13. Bb3 Bd7 14. Ne4 Nbd5 15. Bxd5 exd5 16. Nxf6+ gxf6 17. Qh5 Kh7 18. Rac1 Be6 19. Rc3 Rc8 20. Rf3 Rg8 21. Rxf6 Qf8 22. Re1 Qg7 23. g3 Rcf8 24. f4 a6 25. f5 Bd7 26. Re7 Be8 27. Rxe8 Rxe8 28. Rxf7 Ref8 29. Qg6+ Kh8 30. Bf6 Rxf7 31. Qxh6# 1-0

[Event "Prague Golden op 10th"]
[Site "Prague"]
[Date "2014.06.29"]
[Round "9"]
[White "Svoboda, Jaroslav"]
[Black "Ruzicka, Vaclav"]
[Result "1-0"]
[WhiteElo "1586"]
[BlackElo "1717"]
[PlyCount "141"]
[EventDate "2014.06.22"]
[EventType "swiss"]
[EventRounds "9"]
[EventCountry "CZE"]
[SourceTitle "CBM 161 Extra"]
[Source "ChessBase"]
[SourceDate "2014.08.29"]
[SourceVersion "1"]
[SourceVersionDate "2014.08.29"]
[SourceQuality "1"]

1. e4 e5 2. Nf3 Nf6 3. d4 exd4 4. e5 Nd5 5. Qxd4 Nb6 6. Nc3 Nc6 7. Qf4 h6 8. Bd3 d6 9. 0-0 dxe5 10. Nxe5 Nxe5 11. Qxe5+ Qe7 12. Qg3 Be6 13. Bb5+ c6 14. Bd3 0-0-0 15. Be3 g5 16. Ne4 f5 17. Bxb6 axb6 18. Nc3 f4 19. Qf3 Qf7 20. Qe2 Bg7 21. Rfe1 Rhe8 22. Na4 Kc7 23. Qe4 Rd4 24. Qh7 Rh8 25. Qg6 Qxg6 26. Bxg6 Bd7 27. Nc3 Rd6 28. Bd3 Bxc3 29. bxc3 Re6 30. Red1 Re5 31. Rd2 Rhe8 32. Kf1 g4 33. Rad1 Be6 34. Bg6 Bc4+ 35. Bd3 Bxd3+ 36. cxd3 f3 37. d4 Re2 38. h3 h5 39. gxf3 gxf3 40. Rd3 Rxa2 41. Rxf3 Rae2 42. Ra1 R2e7 43. Rf5 h4 44. Rf4 Rh8 45. Re1 Rxe1+ 46. Kxe1 Rh7 47. Kf1 b5 48. Kg2 Kd6 49. Rf5 b6 50. Kf3 c5 51. Ke4 b4 52. cxb4 c4 53. Rf6+ Kc7 54. b5 Re7+ 55. Kd5 c3 56. Rc6+ Kb7 57. Rxc3 Rf7 58. f3 Rf5+ 59. Kc4 Rf4 60. Re3 Kc7 61. Rb3 Kd6 62. Re3 Kd7 63. Kd3 Rf5 64. Kc4 Rf4 65. Re4 Rxf3 66. Rxh4 Rf6 67. Rh7+ Ke6 68. Rc7 Kf5 69. Rc6 Rf8 70. Rxb6 Rh8 71. Ra6 1-0

[Event "Prague Golden op 10th"]
[Site "Prague"]
[Date "2014.06.25"]
[Round "5"]
[White "Benes, Petr1111"]
[Black "Ruzicka, Vaclav"]
[Result "1-0"]
[WhiteElo "2049"]
[BlackElo "1717"]
[PlyCount "69"]
[EventDate "2014.06.22"]
[EventType "swiss"]
[EventRounds "9"]
[EventCountry "CZE"]
[SourceTitle "CBM 161 Extra"]
[Source "ChessBase"]
[SourceDate "2014.08.29"]
[SourceVersion "1"]
[SourceVersionDate "2014.08.29"]
[SourceQuality "1"]

1. Nf3 d5 2. g3 Nf6 3. Bg2 c6 4. b3 Bf5 5. Bb2 e6 6. d3 Bd6 7. Nbd2 Nbd7 8. e4 dxe4 9. dxe4 Bg4 10. Nc4 Bc7 11. e5 Ba5+ 12. Kf1 Ne4 13. Qd4 Bf5 14. Nh4 Bb6 15. Nxb6 Qxb6 16. Qxb6 axb6 17. g4 Bxg4 18. Bxe4 Bh5 19. Bf3 Bg6 20. Nxg6 hxg6 21. Kg2 0-0-0 22. a4 Nc5 23. b4 Na6 24. b5 Nb4 25. Be4 c5 26. a5 Kc7 27. a6 bxa6 28. c3 Nd5 29. Rxa6 Ra8 30. Rha1 Rab8 31. Ra7+ Kd8 32. Rxf7 Rc8 33. Bxd5 exd5 34. Raa7 d4 35. Bc1 1-0

[Event "Prague Golden op 10th"]
[Site "Prague"]
[Date "2014.06.24"]
[Round "4"]
[White "Ruzicka, Vaclav"]
[Black "Pribylova, Sofie"]
[Result "1-0"]
[WhiteElo "1717"]
[BlackElo "1558"]
[PlyCount "107"]
[EventDate "2014.06.22"]
[EventType "swiss"]
[EventRounds "9"]
[EventCountry "CZE"]
[SourceTitle "CBM 161 Extra"]
[Source "ChessBase"]
[SourceDate "2014.08.29"]
[SourceVersion "1"]
[SourceVersionDate "2014.08.29"]
[SourceQuality "1"]

1. e4 c5 2. Nf3 d6 3. c3 Nc6 4. Bb5 a6 5. Bxc6+ bxc6 6. 0-0 Bg4 7. h3 Bh5 8. Re1 d5 9. Qa4 Qd6 10. Ne5 Nf6 11. exd5 Nxd5 12. Qxc6+ Qxc6 13. Nxc6 Nf4 14. f3 Nd3 15. Rf1 e6 16. Na5 Rd8 17. Na3 Nxc1 18. Raxc1 Rxd2 19. N3c4 Rd8 20. Rfd1 Rxd1+ 21. Rxd1 Be7 22. Nc6 Bf6 23. Nd6+ Kf8 24. Ne4 c4 25. Nxf6 gxf6 26. Rd8+ Kg7 27. Rxh8 Kxh8 28. a4 Bg6 29. a5 e5 30. Nb8 Bf5 31. Nxa6 Bc8 32. Nc5 f5 33. a6 Bxa6 34. Nxa6 e4 35. fxe4 fxe4 36. Nc5 f5 37. Kf2 Kg7 38. Ke3 Kf6 39. Nxe4+ fxe4 40. Kxe4 Kg5 41. Kd4 h5 42. Kxc4 h4 43. Kb5 Kf4 44. c4 Kg3 45. c5 Kxg2 46. c6 Kxh3 47. c7 Kg2 48. c8Q h3 49. Qc2+ Kg1 50. Qd1+ Kg2 51. Qe2+ Kg1 52. Qg4+ Kh2 53. b4 Kh1 54. Qxh3+ 1-0

[Event "Prague Golden op 10th"]
[Site "Prague"]
[Date "2014.06.23"]
[Round "2"]
[White "Ruzicka, Vaclav"]
[Black "Slovak, Kilian"]
[Result "1/2-1/2"]
[WhiteElo "1717"]
[BlackElo "1612"]
[PlyCount "118"]
[EventDate "2014.06.22"]
[EventType "swiss"]
[EventRounds "9"]
[EventCountry "CZE"]
[SourceTitle "CBM 161 Extra"]
[Source "ChessBase"]
[SourceDate "2014.08.29"]
[SourceVersion "1"]
[SourceVersionDate "2014.08.29"]
[SourceQuality "1"]

1. e4 e5 2. Nf3 Nc6 3. d4 exd4 4. Nxd4 Bc5 5. Nb3 Bb6 6. Nc3 d6 7. Nd5 Nf6 8. Nxb6 axb6 9. Bd3 0-0 10. 0-0 h6 11. c3 Re8 12. f3 Bd7 13. Bf4 Ne5 14. Bxe5 dxe5 15. Qe2 Qe7 16. Rfd1 Red8 17. Rd2 Be6 18. Nc1 b5 19. Kh1 c6 20. b4 Ra3 21. Rc2 Bc4 22. g4 Qd7 23. Bxc4 bxc4 24. Kg2 b5 25. Kf2 Qd1 26. Qxd1 Rxd1 27. Ke2 Rh1 28. Ke3 Kf8 29. Rb1 Ke7 30. Rbb2 g6 31. Ne2 Rxh2 32. Rb1 Ra7 33. Rd1 Rd7 34. Rxd7+ Nxd7 35. Rd2 Nb6 36. Ng3 Rxd2 37. Kxd2 Ke6 38. Ke3 Na4 39. Ne2 Nb2 40. Kd2 f5 41. exf5+ gxf5 42. Ng3 fxg4 43. fxg4 Kf6 44. Ne4+ Kg6 45. Ke2 Nd3 46. Kf3 Nc1 47. a3 Nd3 48. Ke2 Kf7 49. Nd6+ Kf6 50. Ne4+ Ke6 51. Ke3 Nf4 52. Kf3 h5 53. gxh5 Nxh5 54. Nc5+ Kd5 55. a4 bxa4 56. Nxa4 Nf6 57. Nb6+ Ke6 58. Nxc4 Nd5 59. Na5 Nxc3 1/2-1/2

[Event "Teplice op 8th"]
[Site "Teplice"]
[Date "2013.06.19"]
[Round "5"]
[White "Ruzicka, Vaclav"]
[Black "Okrouhlik, Zdenek"]
[Result "0-1"]
[WhiteElo "1688"]
[BlackElo "1863"]
[PlyCount "94"]
[EventDate "2013.06.15"]
[EventType "swiss"]
[EventRounds "9"]
[EventCountry "CZE"]
[SourceTitle "CBM 155 Extra"]
[Source "ChessBase"]
[SourceDate "2013.08.26"]
[SourceVersion "1"]
[SourceVersionDate "2013.08.26"]
[SourceQuality "1"]

1. Nf3 Nf6 2. b3 g6 3. e3 Bg7 4. Bb2 0-0 5. c4 c6 6. Be2 d5 7. 0-0 Nbd7 8. d4 Ne4 9. Nc3 Ndf6 10. Ne5 Nxc3 11. Bxc3 Bf5 12. f3 Qc7 13. Rc1 Rac8 14. Bd3 Bxd3 15. Qxd3 Rfd8 16. c5 Nd7 17. f4 e6 18. g4 f5 19. g5 Nxe5 20. fxe5 Qe7 21. h4 h6 22. Rc2 hxg5 23. hxg5 Qxg5+ 24. Rg2 Qh5 25. Rff2 Kf7 26. Rh2 Qg4+ 27. Rfg2 Qe4 28. Qxe4 dxe4 29. b4 Rh8 30. a4 Rxh2 31. Rxh2 Rh8 32. Rg2 Rh3 33. Kf2 Bh6 34. Bd2 g5 35. Rg3 Rh2+ 36. Rg2 Rh1 37. Rg1 Rxg1 38. Kxg1 a6 39. Kg2 f4 40. Be1 Kg6 41. d5 exd5 42. e6 Kf6 43. e7 Kxe7 44. Kh3 Kf6 45. exf4 gxf4 46. Kg4 Ke5 47. Bc3+ d4 0-1

[Event "Teplice op 8th"]
[Site "Teplice"]
[Date "2013.06.18"]
[Round "4"]
[White "Nguyen, Thai Dai Vinh"]
[Black "Ruzicka, Vaclav"]
[Result "0-1"]
[WhiteElo "1391"]
[BlackElo "1688"]
[PlyCount "60"]
[EventDate "2013.06.15"]
[EventType "swiss"]
[EventRounds "9"]
[EventCountry "CZE"]
[SourceTitle "CBM 155 Extra"]
[Source "ChessBase"]
[SourceDate "2013.08.26"]
[SourceVersion "1"]
[SourceVersionDate "2013.08.26"]
[SourceQuality "1"]

1. e4 e5 2. Nf3 Nf6 3. Nxe5 d6 4. Nf3 Nxe4 5. Nc3 Nf6 6. d4 Be7 7. Be3 0-0 8. Bd3 Bg4 9. h3 Bh5 10. Qe2 Bg6 11. 0-0-0 Bxd3 12. Qxd3 Na6 13. Kb1 c5 14. d5 Nc7 15. Rd2 a6 16. g4 b5 17. Ne1 c4 18. Qe2 b4 19. Na4 c3 20. bxc3 Nfxd5 21. cxb4 Nxb4 22. Nb2 Ncd5 23. Qf3 Nc3+ 24. Ka1 Qa5 25. a4 Rac8 26. h4 Nxa4 27. Nbd3 Bf6+ 28. c3 Bxc3+ 29. Kb1 Bxd2 30. Bxd2 Nc3+ 0-1

[Event "CZE-chT2B 1112"]
[Site "Czech Republic"]
[Date "2012.01.08"]
[Round "5.6"]
[White "Ruzicka, Vaclav"]
[Black "Chmelik, Jiri"]
[Result "1-0"]
[WhiteElo "2065"]
[BlackElo "2040"]
[PlyCount "59"]
[EventDate "2011.10.09"]
[EventType "team-tourn"]
[EventRounds "11"]
[EventCountry "CZE"]
[SourceTitle "EXT 2013"]
[Source "ChessBase"]
[SourceDate "2012.11.22"]
[SourceVersion "1"]
[SourceVersionDate "2012.11.22"]
[SourceQuality "1"]
[WhiteTeam "Kladno"]
[BlackTeam "Most Marty"]
[WhiteTeamCountry "CZE"]
[BlackTeamCountry "CZE"]

1. c4 e5 2. Nc3 Nc6 3. g3 Nf6 4. Bg2 Bb4 5. d3 0-0 6. e4 d6 7. Nge2 Be6 8. h3 Ne8 9. 0-0 Qd7 10. Kh2 a6 11. Be3 Bc5 12. Bxc5 dxc5 13. Nd5 Rd8 14. Qb3 b6 15. f4 f5 16. fxe5 Nxe5 17. d4 cxd4 18. Nxd4 fxe4 19. Bxe4 Nd6 20. Nxe6 Qxe6 21. Bg2 Rxf1 22. Rxf1 Ndf7 23. Nxc7 Qxc4 24. Qxc4 Nxc4 25. Bd5 Nce5 26. Rf5 Rxd5 27. Nxd5 Nd7 28. Rf2 a5 29. Rc2 Nfe5 30. Rc7 1-0

[Event "Litomysl op 13th"]
[Site "Litomysl"]
[Date "2011.12.29"]
[Round "6"]
[White "Cizinsky, Petr"]
[Black "Ruzicka, Vaclav"]
[Result "1-0"]
[WhiteElo "2162"]
[BlackElo "2065"]
[PlyCount "159"]
[EventDate "2011.12.26"]
[EventType "swiss"]
[EventRounds "9"]
[EventCountry "CZE"]
[SourceTitle "CBM 146 Extra"]
[Source "ChessBase"]
[SourceDate "2012.02.29"]
[SourceVersion "1"]
[SourceVersionDate "2012.02.29"]
[SourceQuality "1"]

1. e4 d5 2. exd5 Qxd5 3. Nc3 Qa5 4. d4 Nf6 5. Nf3 c6 6. Bd2 Qc7 7. Bc4 Bf5 8. 0-0 e6 9. Re1 Bd6 10. Bg5 Nbd7 11. Qe2 0-0 12. Bh4 Rfe8 13. Rad1 Nd5 14. Ne4 Bxe4 15. Qxe4 N7f6 16. Qe2 Rac8 17. c3 c5 18. dxc5 Bxc5 19. Bxd5 Nxd5 20. Rxd5 exd5 21. Qxe8+ Rxe8 22. Rxe8+ Bf8 23. Be7 Qxe7 24. Rxe7 Bxe7 25. Nd4 Bc5 26. Nb3 Bb6 27. Kf1 Kf8 28. Ke2 Ke7 29. f4 Ke6 30. g4 f5 31. h3 h6 32. Nc1 g5 33. fxg5 hxg5 34. gxf5+ Kxf5 35. Kf3 a5 36. Ne2 Bc5 37. a4 b6 38. b3 Kf6 39. Ng3 Kg6 40. Kg4 d4 41. c4 d3 42. Kf3 d2 43. Ke2 Bb4 44. Nf1 Kh5 45. Nxd2 g4 46. hxg4+ Kxg4 47. Kd3 Kf4 48. Ne4 Ke5 49. Nc3 Bc5 50. Nd5 Bf2 51. Ne3 Kd6 52. Ke4 Kc5 53. Nd5 Kc6 54. Ke5 Bc5 55. Nc3 Bf8 56. Ne4 Ba3 57. Ke6 Bc5 58. Nf6 Bg1 59. Nd7 Bc5 60. Ne5+ Kc7 61. Kd5 Ba3 62. Nd3 Bf8 63. c5 bxc5 64. Ne5 Kb7 65. Nc4 Ka6 66. Kc6 Be7 67. Ne5 Bh4 68. Nd7 Be1 69. Nxc5+ Ka7 70. Kb5 Kb8 71. Nd7+ Kb7 72. Ne5 Bd2 73. Nc4 Be1 74. Nxa5+ Ka7 75. Nc6+ Kb7 76. b4 Ka8 77. Ka6 Bf2 78. b5 Bb6 79. Na5 Bg1 80. b6 1-0